000 01017cam a22003257a 4500
003 CHAP
005 20220329140824.0
008 971013s1965 r 00010 d
010 _a58163
011 _a59135
035 _a63292
040 _cCHAP
082 _a595.77
_bS8
100 0 0 _aStone, Alan.
_9109880
245 1 2 _aA catalog of the Diptera of America north of Mexico
260 _aWashington :
_bUSDA,
_c1965
300 _a1696 p.
490 0 _aAgriculture handbook
_v; 276
590 _aBATCH-UPD
_b10
_c20130110
_lUCH01
_h0521
590 _aBATCH-UPD
_b10
_c20130110
_lUCH01
_h2217
590 _aBATCH-UPD
_b10
_c20130410
_lUCH01
_h0200
590 _aBATCH-UPD
_b10
_c20130914
_lUCH01
_h1218
590 _aCONVERSION
_b10
_c20130109
_lUCH01
_h1331
650 1 4 _aDípteros.
_933715
830 0 _aAgriculture handbook
_v; 276
_92127
901 _aBK
942 _cLIBRO
949 _a595.77 S8
_bBC
_cC
_d33724000515979
_eC
_fc.2
_h27119
_i63292
_si
949 _a595.77 S8
_bBC
_cC
_d33724000515987
_eC
_h27402
_i63292
_si
999 _c58163
_d58163